|
|
|
|
| LEADER |
01599nam a2200313 a 4500 |
| 001 |
15628271 |
| 003 |
BD-DhAAL |
| 008 |
090421s2008 bg s f000 0 eng d |
| 010 |
|
|
|a 2009341340
|
| 020 |
|
|
|a 9843000022761
|
| 040 |
|
|
|a DLC
|c DLC
|d DLC
|d BD-DhAAL
|
| 082 |
0 |
0 |
|a 305.42/095492/021
|2 22
|
| 245 |
0 |
0 |
|a Database on women and children issues / project director, Mohammad Ali Khan.
|
| 250 |
|
|
|a Preliminary ed.
|
| 260 |
|
|
|a Dhaka :
|b Ministry of Women and Children Affairs, Bangladesh,
|c 2008.
|
| 300 |
|
|
|a 248 p. :
|b ill.,figs.,tables ;
|c 28 cm.
|
| 500 |
|
|
|a "Assisted by Policy Leadership and Advocacy for Gender Equality (PLAGE II) ; supported by Candian International Development Agency (CIDA)"--P. 4 of cover.
|
| 500 |
|
|
|a Chiefly statistics.
|
| 526 |
|
|
|x Salim khan
Sr. program Associate
James P. Grant School.
Course name and no. N/A
|
| 541 |
1 |
|
|a A H Development publishing house
|e 00018465
|
| 650 |
|
0 |
|a Women
|z Bangladesh
|v Statistics.
|9 1527
|
| 650 |
|
0 |
|a Children
|z Bangladesh
|v Statistics.
|9 1528
|
| 700 |
1 |
|
|a Khan, Mohammad Ali,
|d 1957-
|9 1529
|
| 710 |
1 |
|
|a Bangladesh.
|b Ministry of Women and Children Affairs.
|9 1530
|
| 710 |
2 |
|
|a Policy Leadership and Advocacy for Gender Equality Project (Bangladesh)
|9 1531
|
| 852 |
4 |
|
|a SPH
|j General Shelf.
|
| 942 |
|
|
|2 ddc
|c BK
|
| 999 |
|
|
|c 2617
|d 2617
|
| 952 |
|
|
|0 0
|1 0
|2 ddc
|4 0
|6 305_420954920210000_DAT
|7 0
|9 2383
|a JPGSPH
|b JPGSPH
|d 2009-04-28
|e A H Development Publishing House
|g 500.00
|l 0
|o 305.42095492021 DAT
|p 3060018465
|r 2009-07-21
|t 1
|w 2009-07-21
|y BK
|x Requisitioned by Salim khan, Sr. program Associate, James P. Grant School. Course name and no. N/A
|